| 000 | 00469nam a22001577a 4500 | ||
|---|---|---|---|
| 003 | NUST | ||
| 082 | _a200 | ||
| 100 |
_aKhan, Malik Awais _9106506 |
||
| 245 |
_aEMG Gesture Classifications / _cMalik Awais Khan |
||
| 264 |
_aIslamabad : _bSEECS, NUST, _c2022. |
||
| 300 | _a71 p. ; | ||
| 650 |
_aMS- Electrical Engineering _923567 |
||
| 700 |
_aSupervisor: Dr. Ahmad Salman _997633 |
||
| 856 | _uhttp://10.250.8.41:8080/xmlui/handle/123456789/31721 | ||
| 942 |
_2ddc _cSC |
||
| 999 |
_c592867 _d592867 |
||